000 00628nam a2200205 a 4500
001 BRCA_2226
005 20190320203724.0
008 930412s1992 mx-a---##b---#000-0#spa-#
020 _a9681842618
040 _aDLC
_cDLC
_dDLC
050 4 _aF1410
_b.C58 1992
245 1 0 _aLas ciudades del encuentro.
260 _aMéxico
_bGrupo Noriega
_c1992.
300 _a189 p.
_bil.
_c26 cm.
504 _aIncluye referencias bibliográficas.
650 1 4 _aCiudades y pueblos
_xHistoria.
_zAmérica Latina
_93695
650 1 4 _aCiudades y pueblos
_xHistoria.
_zEspaña
_96697
651 4 _aAmérica Latina
_xHistoria.
_96698
942 _2lcc
_cB
999 _c1978
_d1978